Governors of Indiana by Picture - Statistics

General Stats
  • This quiz has been taken 16 times
    5 since last reset
  • The average score is 15 of 52
Answer Stats
Picture Hint Answer % Correct
2013-2017 Mike Pence
100%
1989-1997 Evan Bayh
80%
2025-Present Mike Braun
80%
2017-2025 Eric Holcomb
60%
1800-1812 William Henry Harrison
60%
1905-1909 Frank Hanly
40%
1880-1881 | 1885-1889 Isaac P. Gray
40%
2005-2013 Mitch Daniels
40%
1861-1867 Oliver P. Morton
40%
1913-1917 Samuel M. Ralston
40%
1873-1877 Thomas A. Hendricks
40%
1909-1913 Thomas R. Marshall
40%
1822-1825 William Hendricks
40%
1860-1861 Abram A. Hammond
20%
1881-1885 Albert G. Porter
20%
1889-1991 Alvin Peterson Hovey
20%
1857-1860 Ashbel P. Willard
20%
1893-1897 Claude Matthews
20%
1867-1873 Conrad Baker
20%
1837-1840 David Wallace
20%
1969-1973 Edgar Whitcomb
20%
1925-1929 Edward L. Jackson
20%
1924-1925 Emmett Forest Branch
20%
1997-2003 Frank O'Bannon
20%
1953-1957 George N. Craig
20%
1957-1961 Harold W. Handley
20%
1929-1933 Harry G. Leslie
20%
1941-1945 | 1949-1953 Henry F. Schricker
20%
1861 Henry Smith Lane
20%
1891-1893 Ira Joy Chase
20%
1897-1901 James A. Mount
20%
1825-1831 James B. Ray
20%
1877-1880 James D. Williams
20%
1917-1921 James P. Goodrich
20%
1843-1848 James Whitcomb
20%
2003-2005 Joe Kernan
20%
1816-1822 Jonathan Jennings
20%
1849-1857 Joseph A. Wright
20%
1961-1965 Matthew E. Welsh
20%
1937-1941 M. Clifford Townsend
20%
1831-1837 Noah Noble
20%
1973-1981 Otis Bowen
20%
1848-1849 Paris C. Dunning
20%
1933-1937 Paul V. McNutt
20%
1945-1949 Ralph F. Gates
20%
1822 Ratliff Boon
20%
1981-1989 Robert D. Orr
20%
1965-1969 Roger D. Branigin
20%
1840-1843 Samuel Bigger
20%
1813-1816 Thomas Posey
20%
1921-1924 Warren T. McCray
20%
1901-1905 Winfield T. Durbin
20%
No matching quizzes found
Score Distribution
Percent of People with Each Score
Percentile by Number Answered
Your Score History
You have not taken this quiz since the last reset